000
00339 a2200157 4500
001
177531
020
_a
040
_c
Magnum
100
_a
Ramos, Roberto Carlos
240
1
0
_a
O contadoe de historias
_l
por
245
1
0
_a
O contadoe de historias
362
0
_a
1899
440
1
_a
Leitura
697
_a
MAGNITO: IJ/CONTOS
942
_c
BK
999
_c
177531
_d
177531